000 00327nam a2200133Ia 4500
005 20251222143125.0
008 251222s9999||||xx |||||||||||||| ||spa||
020 _a978-950-892-295-3
082 _a371.1/P65
100 _aPizarro, Cristina
245 0 _aEn la Búsqueda del Lector Infinito:
264 _bLugar
942 _cLIB
999 _c11697
_d11697